01051nam a2200301 a 450000100060000000300080000600500170001400800410003102000270007203500190009904000320011804100080015004300120015808200260017010000330019624500840022926000460031330000640035950000200042350400300044365000300047365000240050365000300052765000410055794200120059899900170061095201220062777201BD-RjUL20211209082937.0200302s1983 ii af b 001 0 eng  cRs210.00 ($42.00 U.S.) a(BD-RjUL)77425 aDLCcDLCdDLCdBD-RjULbeng aeng aa-ii---00223a704.947bGUE 19831 aGupta, S. K.,d1939-924024010aElephant in Indian art and mythology /cS.K. Gupta ; foreword by Indira Gandhi. aNew Delhi :bAbhinav Publications,c1983. axvi, 87 p., [39] p. of plates :bill. (some col.) ;c28 cm. aIncludes index. aBibliography: p. [77]-84. 0aMythology, Indic.9240241 0aArt, Indic.9240242 0aElephants in art.9228032 0aElephantsxMythologyzIndia.9228032 2ddccBK c77201d77201 00102ddc40718NFICaRUCLbRUCLcReadingd2020-03-02l0o704.947 GUE 1983r2020-03-02 00:00:00tC-1w2020-03-02yBK